| 000 | 01763nam a2200373 a 4500 | ||
|---|---|---|---|
| 003 | Mxchpua | ||
| 005 | 20250805130525.0 | ||
| 007 | ta | ||
| 008 | 250709s2025 mx bdo|fr|||| 001 0 spa d | ||
| 040 | _amxchpua | ||
| 090 |
_aT.C.980 _bH46 SAI _c2025 |
||
| 245 | 1 | 0 |
_aSistema producto berries en fruto en Baja California y Baja California Sur / _ccoordinador Filogonio Jesús Hernández Guzmán ; colaboradores Camila Alejandra Álcantara Ramírez...[y otros] |
| 260 |
_aChapingo, México : _bEl autor, _c2025 |
||
| 300 |
_a55 hojas : _bmapas, gráficas, tablas, fotos |
||
| 336 |
_2rdacontent _aTexto _btxt |
||
| 337 |
_2rdamedia _ano mediado _bn |
||
| 338 |
_2rdacarrier _avolumen _bnc |
||
| 500 | _aGrado: 6° año Grupo: 4 | ||
| 502 |
_aViaje de Estudios _b(SAI) -- _cUACh. Departamento de Ingeniería Agroindustrial, _d2025 |
||
| 504 | _aBibliografía: hojas 53-55 | ||
| 505 | 0 |
_aVisitas: -- _t1. Rancho agrícola Hamn -- 2. Mungia Produce -- 3. Hermanos Magaña -- 4. Productor de Driscoll´s -- 5. Driscoll´s -- 6. GIR Hortícola |
|
| 650 | 1 | 3 |
_aFrutas pequeñas _xIndustria y comercio _9155470 _zMéxico _zBaja California |
| 650 | 1 | 3 |
_aFrutas pequeñas _xIndustria y comercio _9155470 _zMéxico _zBaja California Sur |
| 650 | 1 | 3 |
_aArándanos _9157767 |
| 650 | 1 | 3 |
_aFresas _943185 |
| 650 | 1 | 3 |
_aFrambuesas _9155469 |
| 650 | 1 | 3 |
_aSmall fruits _xIndustry and trade _9155474 _zMexico _zBaja California |
| 650 | 1 | 3 |
_aBilberries _9158965 |
| 650 | 1 | 3 |
_aStrawberries _9152625 |
| 650 | 1 | 3 |
_aRaspberries _9155472 |
| 700 | 1 |
_aHernández Guzmán, Filogonio Jesús _954108 _ecoordinador |
|
| 700 | 1 |
_aAlcántara Ramírez, Camila Alejandra _9189861 _ecolaboradora |
|
| 856 | 4 | 1 |
_yDESCARGAR REPORTE _uhttp://10.13.5.2/ve/TC980_SAI/TC980_SAI_2025-REPORTE.pdf |
| 999 |
_c220744 _d220744 |
||